000 00673nam a2200289Ia 4500
005 20260324124653.0
008 008 260324s9999 xx 000 0 eng d
020 _a9780203851784
037 _aEBOOK
040 _aCRL
040 _beng
040 _cCRL
041 _2eng
041 _aeng
084 _qCRL
100 _aBernhard Weiss; Jeremy Wanderer
_91175059
245 0 _aReading Brandom
245 0 _bOn Making It Explicit
260 _bTaylor and Francis
260 _c2010
365 _a
365 _b265
856 _uhttp://www.taylorfrancis.com/books/9780203851784
942 _cEBOOK
999 _c1769630
_d1769630